000 00469nam a22001697a 4500
003 OSt
005 20250109162242.0
008 250109b |||||||| |||| 00| 0 eng d
020 _a9788172235420
040 _aSRHU
_bEnglish
_cDrolia Pustak Bhandar Haridwar
082 _221st
245 _a Light on the Yoga Sutras of Patanjali
_cB K S Iyengar
250 _a21st
260 _aLondon
_belement
_c2014
300 _axx,339p
_c20cm
942 _2ddc
_cYS
_e21st
999 _c19316
_d19316